| 000 | 07645nac a22015851u 4500 | ||
|---|---|---|---|
| 090 | _c9954 | ||
| 008 | 080806t xxu||||| |||| 00| 0 eng d | ||
| 010 | _a 86645085 | ||
| 022 | 0 | _a0883-9123 | |
| 035 | _a(OCoLC)ocm10658787 | ||
| 082 | 0 | 0 |
_a822.33 _bSHA |
| 100 | _a20080729 | ||
| 245 | 0 | 0 |
_aShakespearean criticism : _bexcerpts from the criticism of William Shakespeare's plays and poetry, from the first published appraisals to current evaluations. |
| 246 | 1 | 0 | _aShakespearean criticism yearbook |
| 260 |
_aDetroit, Mich. : _bGale Research Co.,1984- _c1984- |
||
| 300 |
_a3v.: _bill.; _c28 cm. |
||
| 500 | _aDonations. | ||
| 500 | _aDonations - AUC. | ||
| 505 | _aIssues: V.43, 53, 55, 68, 89, 90, 54(2000) | ||
| 505 | _aIssues: V.11(1990) | ||
| 505 | _aIssues: V.13,14(1991) | ||
| 505 | _aIssues: V.23,22, (1994) | ||
| 505 | _aIssues: V.19,20,21(1993) | ||
| 505 | _aIssues: V.16,17,18(1992) | ||
| 505 | _aIssues: V.39, (1998) | ||
| 505 | _aIssues: V.78, 79, 80, 81,82, 83,84(2004) | ||
| 505 | _aIssues: V.32,34,35(1997) | ||
| 505 | _aIssues: V. 85, 86, 87, 88, 89, 90,91, 92 (2005) | ||
| 505 | _aIssues: V.61, 62, 63, 64,65, 66, 68, (2002) | ||
| 505 | _aIssues: V.2, (1985) | ||
| 505 | _aIssues: V.1(2 copies), (1984) | ||
| 505 | _aIssues: V.4, 5, 6, (1987) | ||
| 505 | _aIssues: V.103, 104, 105, (2007) | ||
| 505 | _aIssues: V.8, 9, (1989) | ||
| 505 | _aIssues: V.3, (1986) | ||
| 505 | _aIssues: V.93, 94, 95, 97(2006) | ||
| 505 | _aIssues: V.7, (1988) | ||
| 505 | _aIssues: V.106, 107, 108, (2008) | ||
| 505 | _aIssues: V.69, 70,71, 72, 73, 74, 75, 76, 77, (2003) | ||
| 505 | _aIssues: V.56, 57, 58, 59, 60, (2001) | ||
| 511 | _aCatalogued By: Mahitab. | ||
| 511 | _aCatalogued by: wessam | ||
| 511 | _aCatalogued by: Sara. | ||
| 600 |
_aShakespeare, William _d 1564-1616 _x Criticism and interpretation -- History-- Periodicals |
||
| 942 |
_cNB _k822.33SHA _2ddc |
||
| 999 |
_c9954 _d9954 |
||